| 000 -LEADER |
| fixed length control field |
00924pab a2200157 454500 |
| 008 - FIXED-LENGTH DATA ELEMENTS--GENERAL INFORMATION |
| fixed length control field |
180718b2002 xxu||||| |||| 00| 0 eng d |
| 100 ## - MAIN ENTRY--PERSONAL NAME |
| Personal name |
Bhargava, Meena |
| 245 ## - TITLE STATEMENT |
| Title |
Forests, people and state: continuities and changes |
| 260 ## - PUBLICATION, DISTRIBUTION, ETC. |
| Date of publication, distribution, etc. |
2002 |
| 300 ## - PHYSICAL DESCRIPTION |
| Extent |
p.4440-446. |
| 362 ## - DATES OF PUBLICATION AND/OR SEQUENTIAL DESIGNATION |
| Dates of publication and/or sequential designation |
26 Oct |
| 520 ## - SUMMARY, ETC. |
| Summary, etc. |
This paper focuses on the differences between pre-colonial and colonial constructions of nature and how the two interacted with and absorbed one another, with reference to the forests of the Gorakhpur region. The East India Company, while continuing the Mughal framework and institutions in the management of the forests, also embarked upon reinvention of traditions and recreation of customs. its commercial and strategic interests always remained prominent as it sought to reinforce its notions of power and authority. - Reproduced. |
| 650 ## - SUBJECT ADDED ENTRY--TOPICAL TERM |
| Topical term or geographic name entry element |
Forests |
| 773 ## - HOST ITEM ENTRY |
| Main entry heading |
Economic and Political Weekly |
| 909 ## - |
| -- |
54257 |